El viaje de los duendes al otro lado del mundo

Saved in:
Bibliografiske detaljer
Hovedforfatter: Morel Chaigneau, Alicia (autora)
Format: Bog
Sprog:spansk
Udgivet: Santiago Andrés Bello 1992
Udgivelse:2a. ed
Fag:
Tags: Tilføj Tag
Ingen Tags, Vær først til at tagge denne postø!

MARC

LEADER 00000nam a2200000 a 4500
001 UCH8519
003 CL-VaPUC
008 091127e19920400CL |||||||||||||||||spa|d
082 0 4 |a Ch863  |b MOR  |2 21 
100 |a Morel Chaigneau, Alicia  |e autora  |9 626523 
245 1 3 |a El viaje de los duendes al otro lado del mundo 
250 |a 2a. ed 
300 |a 132 p 
942 |c BK 
945 |d 20091127 00:00:00  |a lazolas 
260 |a Santiago  |b Andrés Bello  |c 1992 
500 |a Ilustrado por Lura Thayer 
500 |a Portada de Alicia Thayer 
650 0 |a Literatura chilena   |9 308278 
650 0 |a Cuentos infantiles  |9 308044 
583 |a last modification  |c 20091127 00:00:00  |k Rodrigo Vera 
999 |c 338730  |d 338728